| 000 | 00742nam a2200253Ia 4500 | ||
|---|---|---|---|
| 003 | OSt | ||
| 005 | 20220918230035.0 | ||
| 006 | a|||||r|||| 00| 0 | ||
| 007 | ta | ||
| 008 | 220917b |||||||| |||| 00| 0 eng d | ||
| 024 | _a247,905 | ||
| 037 | _cTextual | ||
| 040 |
_aARTS _cARTS _beng |
||
| 041 |
_2eng _aeng |
||
| 082 | _aX8(A):89K, M6 | ||
| 100 |
_aScott Allen Ed. _9151746 |
||
| 245 | 0 |
_aProduction work territory _b the geographial anatomy of industrial capitalism |
|
| 260 |
_aLondon _bAllen & Unwin U K _c1986 |
||
| 300 |
_a344p. _ccm. |
||
| 650 | _aECONOMICS | ||
| 700 |
_a Storper Michael Ed. _9151747 |
||
| 942 |
_hX8(A):89K, M6 _cTEXL _2CC |
||
| 999 |
_c286839 _d286839 |
||